Don't let the pigeon stay up late! / (Record no. 113406)
[ view plain ]
| 000 -LEADER | |
|---|---|
| fixed length control field | 00469nam a2200169 a 4500 |
| 001 - CONTROL NUMBER | |
| control field | 4110 |
| 005 - DATE AND TIME OF LATEST TRANSACTION | |
| control field | 20140414132018.0 |
| 008 - FIXED-LENGTH DATA ELEMENTS--GENERAL INFORMATION | |
| fixed length control field | 090202s19uu xx 00 eng d |
| 020 ## - INTERNATIONAL STANDARD BOOK NUMBER | |
| International Standard Book Number | 0-7868-3746-2 |
| 050 ## - LIBRARY OF CONGRESS CALL NUMBER | |
| Classification number | TR |
| Item number | D65 2006 |
| 100 ## - MAIN ENTRY--PERSONAL NAME | |
| Personal name | Willems, Mo |
| 245 ## - TITLE STATEMENT | |
| Title | Don't let the pigeon stay up late! / |
| Statement of responsibility, etc | words and pictures by Mo Willems. |
| 260 ## - PUBLICATION, DISTRIBUTION, ETC. (IMPRINT) | |
| Place of publication, distribution, etc | New York : |
| Name of publisher, distributor, etc | Scholastic, |
| Date of publication, distribution, etc | c2006. |
| 300 ## - PHYSICAL DESCRIPTION | |
| Extent | 1 v. (unpaged) : col., ill. ; |
| Withdrawn status | Lost status | Damaged status | Use restrictions | Home library | Current library | Shelving location | Date acquired | Source of acquisition | Cost, normal purchase price | Total Checkouts | Full call number | Barcode | Date last seen | Price effective from | Koha item type |
|---|---|---|---|---|---|---|---|---|---|---|---|---|---|---|---|
| Munich Library | Munich Library | Teachers Reference Section | 02/02/2009 | 395.00 | TR D65 2006 | M4972 | 04/14/2014 | 04/14/2014 | Books | ||||||
| Munich Library | Munich Library | Teachers Reference Section | 03/14/2011 | 395.00 | TR D65 2006 | M4944 | 04/14/2014 | 04/14/2014 | Books |